| 000 | 00382nam a2200169Ia 4500 | ||
|---|---|---|---|
| 008 | 210210b1912 xxu||||| |||| 00| 0 eng d | ||
| 041 | _aeng | ||
| 082 | _a515/15 | ||
| 100 | _aBAKER | ||
| 245 | _aElementary geometry | ||
| 260 |
_aLondon _bG Bell & Sons Ltd. _c1912 |
||
| 650 | _ageometry | ||
| 650 | _aElementary | ||
| 690 | _aGeometry | ||
| 700 | _aBOURNE | ||
| 906 | _a007581 | ||
| 999 |
_c140121 _d140121 |
||